000
00273nam a2200085Ia 4500
008
231107s1996 xx 000 0 und d
041
_a
eng
245
_a
Tolbooths & Town Houses:Civic Architecture in Scotland to 1833
260
_a
Scotland
_b
Royal Commission on the Ancient
_c
1996
999
_c
927473
_d
927473